[Event "Porto Alegre Oncosinos op"]
[Site "Porto Alegre"]
[Date "2015.09.06"]
[Round "5"]
[White "Bueno, Jair Cardona"]
[Black "Ferreira Filho, Antonio Fabiano"]
[Result "1-0"]
[WhiteElo "1925"]
[BlackElo "1832"]
[PlyCount "96"]
[EventDate "2015.09.04"]
[EventType "swiss"]
[EventRounds "7"]
[EventCountry "BRA"]
[SourceTitle "EXT 2016"]
[Source "ChessBase"]
[SourceDate "2015.10.08"]
[SourceVersion "1"]
[SourceVersionDate "2015.10.08"]
[SourceQuality "1"]

1. c4 e5 2. Nc3 f5 3. g3 Nc6 4. Bg2 Bc5 5. a3 a5 6. d3 d6 7. e3 Nge7 8. Nge2 f4 9. exf4 0-0 10. 0-0 Bg4 11. Qc2 Qd7 12. Be3 Nd4 13. Bxd4 exd4 14. Ne4 Bh3 15. Nxc5 dxc5 16. Rfe1 Bxg2 17. Kxg2 Ra6 18. Ng1 Ng6 19. Re4 h5 20. Qe2 h4 21. Re1 Raf6 22. Nh3 hxg3 23. hxg3 c6 24. Re8 Rxe8 25. Qxe8+ Qxe8 26. Rxe8+ Kf7 27. Rb8 b5 28. cxb5 c4 29. bxc6 cxd3 30. Rd8 Rxc6 31. Rxd4 Rb6 32. Rxd3 Rxb2 33. Rd5 a4 34. Rd4 Ne7 35. Rxa4 Nd5 36. Kf3 Rb3+ 37. Kg4 g6 38. Ra6 Nf6+ 39. Kh4 Rb8 40. Ng5+ Kg7 41. Ra7+ Kg8 42. a4 Rb1 43. Ne6 Ne4 44. f3 Rh1+ 45. Kg4 Nf2+ 46. Kg5 Rh3 47. g4 Rh7 48. Rxh7 Kxh7 1-0

[Event "Porto Alegre op"]
[Site "Porto Alegre"]
[Date "2012.09.06"]
[Round "1"]
[White "Boff, Lucas Strauss"]
[Black "Ferreira Filho, Antonio Fabiano"]
[Result "1-0"]
[WhiteElo "2019"]
[BlackElo "1862"]
[PlyCount "102"]
[EventDate "2012.09.06"]
[EventType "swiss"]
[EventRounds "7"]
[EventCountry "BRA"]
[SourceTitle "CBM 150 Extra"]
[Source "ChessBase"]
[SourceDate "2012.10.19"]
[SourceVersion "1"]
[SourceVersionDate "2012.10.19"]
[SourceQuality "1"]

1. Nf3 Nf6 2. c4 e6 3. g3 b6 4. Bg2 Bb7 5. 0-0 c5 6. Nc3 Be7 7. b3 0-0 8. Bb2 d6 9. d4 cxd4 10. Nxd4 Bxg2 11. Kxg2 Qc8 12. e4 Qb7 13. Qe2 Nc6 14. Nf3 Rfe8 15. Kg1 a6 16. Rfd1 Rab8 17. Rac1 h6 18. a3 Bf8 19. b4 b5 20. cxb5 axb5 21. Ra1 Nd7 22. Nd4 Nxd4 23. Rxd4 Ne5 24. Bc1 Rec8 25. f4 Nc6 26. Rd1 Rc7 27. Be3 Na7 28. Rdc1 Nc8 29. f5 exf5 30. exf5 Ne7 31. f6 Ng6 32. Bd4 Rd7 33. fxg7 Bxg7 34. Bxg7 Kxg7 35. Nd1 Re7 36. Qf2 Rbe8 37. Nc3 Re3 38. Re1 Rf3 39. Qd4+ Ne5 40. Qd5 Qa7+ 41. Kg2 Rd3 42. Nxb5 Qd7 43. Nd4 Qg4 44. Rxe5 Rxe5 45. Ne6+ Rxe6 46. Qxd3 Re2+ 47. Kg1 Qe6 48. Qd1 Qe7 49. Qd4+ Kg8 50. Qg4+ Kf8 51. Qf3 Ke8 1-0